[Event "EU Union-ch U14 20th"]
[Site "Mureck"]
[Date "2023.08.07"]
[Round "7"]
[White "Kovacec, Tilen"]
[Black "Derbenev, Arseniy"]
[Result "1/2-1/2"]
[WhiteElo "1718"]
[BlackElo "1596"]
[PlyCount "100"]
[EventDate "2023.08.02"]
[EventType "swiss"]
[EventRounds "9"]
[EventCountry "AUT"]
[SourceTitle "EXT 2024"]
[Source "ChessBase"]
[SourceDate "2023.10.10"]
[SourceVersion "1"]
[SourceVersionDate "2023.10.10"]
[SourceQuality "1"]

1. d4 Nf6 2. c4 c5 3. d5 b5 4. Nf3 g6 5. Nbd2 Bg7 6. e4 b4 7. h3 0-0 8. e5 Ne8 9. Nb3 Qc7 10. Bf4 d6 11. exd6 exd6 12. Qd2 Nf6 13. Be2 Bf5 14. 0-0 a5 15. a4 Re8 16. Bd3 Bxd3 17. Qxd3 Nh5 18. Bc1 Nd7 19. Qc2 Re7 20. Bg5 f6 21. Bd2 Ne5 22. Nxe5 fxe5 23. Rae1 Rf7 24. Bc1 Raf8 25. Nd2 Qd7 26. Ne4 h6 27. f3 Kh7 28. b3 Bf6 29. Qf2 Be7 30. Re2 Ng7 31. g4 h5 32. Qe3 hxg4 33. hxg4 Rf4 34. Rh2+ Kg8 35. Qf2 R4f7 36. Qg2 Ne8 37. Qh3 Rg7 38. Bg5 Nf6 39. Bxf6 Bxf6 40. Nxf6+ Rxf6 41. Kg2 Rh7 42. Qg3 Rff7 43. Rfh1 Rxh2+ 44. Qxh2 Rh7 45. Qxh7+ Qxh7 46. Rxh7 Kxh7 47. Kg3 g5 48. Kf2 Kg6 49. Ke3 Kf6 50. Kd3 Kg6 1/2-1/2

[Event "EU Union-ch U14 20th"]
[Site "Mureck"]
[Date "2023.08.04"]
[Round "3"]
[White "Derbenev, Arseniy"]
[Black "Biro, Beata"]
[Result "1-0"]
[WhiteElo "1596"]
[BlackElo "1624"]
[PlyCount "79"]
[EventDate "2023.08.02"]
[EventType "swiss"]
[EventRounds "9"]
[EventCountry "AUT"]
[SourceTitle "EXT 2024"]
[Source "ChessBase"]
[SourceDate "2023.10.10"]
[SourceVersion "1"]
[SourceVersionDate "2023.10.10"]
[SourceQuality "1"]

1. e4 c5 2. Nf3 Nc6 3. d4 cxd4 4. Nxd4 Nf6 5. Nc3 e5 6. Ndb5 d6 7. Bg5 a6 8. Na3 b5 9. Nd5 Be7 10. Bxf6 Bxf6 11. c3 Bg5 12. Be2 0-0 13. 0-0 Rb8 14. Nc2 Be6 15. Ncb4 Nxb4 16. Nxb4 Qb6 17. Nd5 Bxd5 18. Qxd5 Rbc8 19. Bg4 Rc5 20. Qd3 Rd8 21. Rfd1 Qc7 22. h3 g6 23. Bf3 Kg7 24. a4 bxa4 25. Rxa4 a5 26. c4 Qd7 27. Rda1 Ra8 28. b4 Rc7 29. Rxa5 Rac8 30. Bg4 f5 31. exf5 Bf6 32. fxg6 Qe7 33. Rd1 Rd8 34. Bf5 h6 35. Qe4 Rb8 36. b5 Rc5 37. Ra6 d5 38. Rxd5 Rxd5 39. Qxd5 Rd8 40. Qe6 1-0

[Event "Klaipeda Sea op-B 17th"]
[Site "Klaipeda"]
[Date "2020.07.23"]
[Round "6"]
[White "Ziura, Arvydas"]
[Black "Derbenev, Arseniy"]
[Result "0-1"]
[WhiteElo "1106"]
[BlackElo "1344"]
[PlyCount "118"]
[EventDate "2020.07.21"]
[EventType "swiss"]
[EventRounds "7"]
[EventCountry "LTU"]
[SourceTitle "CBM 197 Extra"]
[Source "ChessBase"]
[SourceDate "2020.09.30"]
[SourceVersion "1"]
[SourceVersionDate "2020.09.30"]
[SourceQuality "1"]

1. e4 e6 2. Nc3 d5 3. exd5 exd5 4. d4 c6 5. Be2 Bd6 6. Nf3 Nf6 7. Bg5 h6 8. Bxf6 Qxf6 9. Qd2 0-0 10. g3 Bg4 11. Qd3 Re8 12. 0-0-0 Nd7 13. h3 Bf5 14. Qd2 b5 15. Bd3 a5 16. Bxf5 Qxf5 17. Ne5 Nxe5 18. dxe5 Bxe5 19. f4 Bxc3 20. Qxc3 b4 21. Qxc6 Rec8 22. Rxd5 Qxf4+ 23. gxf4 Rxc6 24. Rhd1 Rf6 25. Rd8+ Rxd8 26. Rxd8+ Kh7 27. Rd4 Kg6 28. Kd2 Rf5 29. a3 bxa3 30. bxa3 Kh5 31. Ke3 Kh4 32. Ke4 Rc5 33. c4 Kxh3 34. Rd3+ Kg4 35. Kd4 Rc8 36. c5 h5 37. Kc4 h4 38. Rd7 f5 39. Rxg7+ Kxf4 40. Kb5 h3 41. Rh7 Kg3 42. c6 f4 43. Kb6 f3 44. Kb7 Rg8 45. c7 f2 46. Kb6 f1Q 47. Rg7+ Rxg7 48. c8Q Rg6+ 49. Kxa5 Rg5+ 50. Kb6 Qf6+ 51. Kb7 Rg7+ 52. Ka8 Qf3+ 53. Kb8 Qb3+ 54. Ka8 Qd5+ 55. Kb8 Qb5+ 56. Ka8 Qa5+ 57. Kb8 Qb6+ 58. Ka8 Qa5+ 59. Kb8 Qa7# 0-1

[Event "EU-ch U10"]
[Site "Bratislava"]
[Date "2019.08.10"]
[Round "9"]
[White "La Barbera, Manfredi"]
[Black "Derbenev, Arseniy"]
[Result "0-1"]
[WhiteElo "1526"]
[BlackElo "1213"]
[PlyCount "76"]
[EventDate "2019.08.02"]
[EventType "swiss"]
[EventRounds "9"]
[EventCountry "SVK"]
[SourceTitle "EXT 2020"]
[Source "ChessBase"]
[SourceDate "2019.10.17"]
[SourceVersion "1"]
[SourceVersionDate "2019.10.17"]
[SourceQuality "1"]

1. e4 e6 2. d4 d5 3. e5 c5 4. c3 Nc6 5. Nf3 Bd7 6. a3 c4 7. Be2 Nge7 8. Bf4 Ng6 9. Bg3 Be7 10. Nbd2 0-0 11. 0-0 a5 12. b3 b5 13. a4 Na7 14. Qc2 cxb3 15. Nxb3 bxa4 16. Nbd2 Qc7 17. h4 Rfc8 18. Rfc1 Bb5 19. Bxb5 Nxb5 20. Nb1 a3 21. h5 Nf8 22. Qd3 Qc4 23. Qc2 h6 24. Bh4 Bxh4 25. Nxh4 Nxd4 26. cxd4 Qxc2 27. Rxc2 Rxc2 28. Nxa3 Rb2 29. Nf3 Nd7 30. Nb1 Rc2 31. Nbd2 a4 32. Kf1 Nb6 33. Ke1 a3 34. Kd1 Rb2 35. Kc1 Rc8+ 36. Kd1 a2 37. Ne1 Nc4 38. Nc2 Nxd2 0-1

[Event "EU-ch U10"]
[Site "Bratislava"]
[Date "2019.08.08"]
[Round "7"]
[White "Dimitrov, Martin"]
[Black "Derbenev, Arseniy"]
[Result "1-0"]
[WhiteElo "1473"]
[BlackElo "1213"]
[PlyCount "77"]
[EventDate "2019.08.02"]
[EventType "swiss"]
[EventRounds "9"]
[EventCountry "SVK"]
[SourceTitle "EXT 2020"]
[Source "ChessBase"]
[SourceDate "2019.10.17"]
[SourceVersion "1"]
[SourceVersionDate "2019.10.17"]
[SourceQuality "1"]

1. e4 e6 2. b3 d5 3. Bb2 dxe4 4. Nc3 Nf6 5. Qe2 Be7 6. Nxe4 Nc6 7. 0-0-0 0-0 8. Nf3 a5 9. a4 b6 10. Nc3 Ba6 11. Qe1 Bb7 12. Bc4 Nd5 13. d4 Ncb4 14. Nxd5 exd5 15. Be2 Re8 16. Qd2 c5 17. Bb5 Rf8 18. h4 cxd4 19. Nxd4 Rc8 20. Kb1 Bf6 21. Rc1 Na6 22. g4 Nc7 23. Bd3 Ne6 24. Bf5 Qd6 25. Nb5 Qe7 26. Ba3 Nc5 27. Bxc8 Rxc8 28. Rce1 Ne4 29. Bxe7 Nxd2+ 30. Kc1 Nxb3+ 31. Kd1 d4 32. Rh3 Na1 33. Nd6 Rc7 34. Bd8 Re7 35. Bxe7 Bxe7 36. Rxe7 Bc6 37. Rc7 Bxa4 38. Rc8+ Be8 39. Rxe8# 1-0

[Event "EU-ch U10"]
[Site "Bratislava"]
[Date "2019.08.05"]
[Round "4"]
[White "Stary, Vojtech"]
[Black "Derbenev, Arseniy"]
[Result "0-1"]
[WhiteElo "1423"]
[BlackElo "1213"]
[PlyCount "94"]
[EventDate "2019.08.02"]
[EventType "swiss"]
[EventRounds "9"]
[EventCountry "SVK"]
[SourceTitle "EXT 2020"]
[Source "ChessBase"]
[SourceDate "2019.10.17"]
[SourceVersion "1"]
[SourceVersionDate "2019.10.17"]
[SourceQuality "1"]

1. e4 e6 2. d4 d5 3. exd5 exd5 4. Bd3 Nf6 5. Ne2 Bd6 6. Nbc3 c6 7. Bg5 0-0 8. Qd2 Be6 9. 0-0-0 Nbd7 10. f3 b5 11. g4 Be7 12. h4 b4 13. Nb1 Qa5 14. a3 Qb6 15. axb4 Bxb4 16. c3 Bd6 17. Bxf6 Nxf6 18. h5 Qb3 19. g5 Nd7 20. Bc2 Qb5 21. f4 f5 22. Qd3 Qb6 23. Nd2 a5 24. Qe3 Rfe8 25. Qf3 Rab8 26. b3 c5 27. dxc5 Qxc5 28. Nd4 Qa3+ 29. Kb1 a4 30. Nxe6 axb3 31. Nxb3 Rxb3+ 32. Bxb3 Qxb3+ 33. Kc1 Ba3+ 34. Kd2 Rxe6 35. Ra1 Re4 36. Rhb1 Qa4 37. Rb2 Nc5 38. Rb8+ Kf7 39. Rab1 Qc4 40. R8b6 Rxf4 41. g6+ hxg6 42. hxg6+ Ke7 43. Qe3+ Ne4+ 44. Kd1 Rf1+ 45. Kc2 Rf2+ 46. Kd1 Qf1+ 47. Qe1 Rd2# 0-1

[Event "EU-ch U10"]
[Site "Bratislava"]
[Date "2019.08.02"]
[Round "1"]
[White "Sauer, Tim"]
[Black "Derbenev, Arseniy"]
[Result "1/2-1/2"]
[WhiteElo "1625"]
[BlackElo "1213"]
[PlyCount "41"]
[EventDate "2019.08.02"]
[EventType "swiss"]
[EventRounds "9"]
[EventCountry "SVK"]
[SourceTitle "EXT 2020"]
[Source "ChessBase"]
[SourceDate "2019.10.17"]
[SourceVersion "1"]
[SourceVersionDate "2019.10.17"]
[SourceQuality "1"]

1. c4 e5 2. Nc3 Nf6 3. g3 d5 4. cxd5 Nxd5 5. Bg2 Nb6 6. Nf3 Nc6 7. 0-0 Be7 8. a3 a5 9. d3 0-0 10. Be3 Nd7 11. Rc1 Nf6 12. Na4 Bd7 13. Bc5 Rb8 14. Bxe7 Qxe7 15. Nc5 Rfd8 16. Nd2 Bf5 17. Nxb7 Rxb7 18. Rxc6 Rxb2 19. Nc4 Rbb8 20. Qa4 Rd4 21. Qxa5 1/2-1/2

[Event "Klaipeda Sea op-C 16th"]
[Site "Klaipeda"]
[Date "2019.07.24"]
[Round "3"]
[White "Remeika, Vytautas"]
[Black "Derbenev, Arseniy"]
[Result "0-1"]
[WhiteElo "1478"]
[BlackElo "1219"]
[PlyCount "70"]
[EventDate "2019.07.23"]
[EventType "swiss"]
[EventRounds "7"]
[EventCountry "LTU"]
[SourceTitle "CBM 195 Extra"]
[Source "ChessBase"]
[SourceDate "2020.05.31"]
[SourceVersion "1"]
[SourceVersionDate "2020.05.31"]
[SourceQuality "1"]

1. d4 Nf6 2. c4 c5 3. d5 b5 4. b3 g6 5. Bb2 Bg7 6. Qc2 d6 7. f3 0-0 8. e4 bxc4 9. Bxc4 Ba6 10. Ne2 Bxc4 11. bxc4 Na6 12. Nbc3 Nc7 13. Kf2 Rb8 14. a3 Qd7 15. Rab1 e6 16. Ba1 exd5 17. exd5 Rfe8 18. Rxb8 Rxb8 19. Rb1 Qc8 20. Nb5 Nxb5 21. Qb3 a6 22. a4 Nd7 23. axb5 axb5 24. cxb5 Bxa1 25. Rxa1 Qb7 26. Nc3 Ne5 27. Ra6 Qxa6 28. bxa6 Rxb3 29. a7 Ra3 30. Nb5 Ra5 31. f4 Nc4 32. Ke2 Nb6 33. Nxd6 Rxa7 34. Nb5 Rd7 35. d6 Nc4 0-1

[Event "Klaipeda Sea op-B 15th"]
[Site "Klaipeda"]
[Date "2018.07.27"]
[Round "7"]
[White "Derbenev, Arseniy"]
[Black "Saunorius, Tomas"]
[Result "1/2-1/2"]
[WhiteElo "1382"]
[BlackElo "1137"]
[PlyCount "110"]
[EventDate "2018.07.24"]
[EventType "swiss"]
[EventRounds "7"]
[EventCountry "LTU"]
[SourceTitle "EXT 2019"]
[Source "ChessBase"]
[SourceDate "2018.10.10"]
[SourceVersion "1"]
[SourceVersionDate "2018.10.10"]
[SourceQuality "1"]

1. e4 c5 2. Nc3 a6 3. Nf3 d6 4. Be2 e6 5. d4 cxd4 6. Nxd4 Nf6 7. Bg5 Be7 8. 0-0 Nc6 9. Nxc6 bxc6 10. Bf3 d5 11. exd5 cxd5 12. Re1 0-0 13. Ne2 Bb7 14. c4 Rb8 15. cxd5 Bxd5 16. Bxd5 Nxd5 17. Bxe7 Nxe7 18. b3 Qxd1 19. Rexd1 Rfd8 20. Rac1 h6 21. f3 Rxd1+ 22. Rxd1 Rc8 23. Rc1 Rxc1+ 24. Nxc1 Kf8 25. Kf2 Nd5 26. Ke1 Ke7 27. Kd2 Kd6 28. Nd3 f6 29. h3 h5 30. g4 h4 31. a3 g5 32. b4 f5 33. Nf2 Ke5 34. Nd3+ Kd6 35. Kc2 fxg4 36. fxg4 e5 37. Nf2 Ke6 38. Ne4 Ne3+ 39. Kd3 Nd5 40. Nxg5+ Kf6 41. Ne4+ Ke6 42. Nf2 Nf4+ 43. Ke4 Ne2 44. Nd3 Ng1 45. Nxe5 Nxh3 46. Nf3 Nf2+ 47. Kf4 Kd5 48. Nd2 h3 49. Kg3 h2 50. Kxh2 Nxg4+ 51. Kg3 Ne5 52. Nb1 Kc6 53. a4 Kb6 54. b5 axb5 55. axb5 Kxb5 1/2-1/2

[Event "Klaipeda Sea op-B 15th"]
[Site "Klaipeda"]
[Date "2018.07.26"]
[Round "5"]
[White "Derbenev, Arseniy"]
[Black "Borisovaite, Ana"]
[Result "0-1"]
[WhiteElo "1382"]
[BlackElo "1379"]
[PlyCount "82"]
[EventDate "2018.07.24"]
[EventType "swiss"]
[EventRounds "7"]
[EventCountry "LTU"]
[SourceTitle "EXT 2019"]
[Source "ChessBase"]
[SourceDate "2018.10.10"]
[SourceVersion "1"]
[SourceVersionDate "2018.10.10"]
[SourceQuality "1"]

1. e4 c5 2. Nc3 d6 3. Bb5+ Bd7 4. Bxd7+ Qxd7 5. d3 g6 6. b3 Bg7 7. Bb2 Nc6 8. Na4 Nf6 9. Nf3 0-0 10. 0-0 e5 11. Bc1 Ne8 12. Nc3 f5 13. Nd5 Nf6 14. Nxf6+ Rxf6 15. Nd2 f4 16. Nf3 h6 17. h3 g5 18. Nh2 Qf7 19. f3 Rg6 20. Bb2 Nb8 21. c4 Nd7 22. Ng4 h5 23. Nh2 Nf6 24. Rf2 Qe6 25. a4 a5 26. Bc3 b6 27. Bb2 Kf7 28. Bc3 Rh8 29. Be1 g4 30. h4 g3 31. Rf1 gxh2+ 32. Kxh2 Bf8 33. Rb1 Rhg8 34. Rg1 Nd7 35. Rb2 Nb8 36. Rb1 Nc6 37. Bc3 Qf6 38. Qe1 Rg3 39. Rh1 Qxh4+ 40. Kg1 Rxg2+ 41. Kf1 Qxh1# 0-1